| 000 | 00490nam a2200145Ia 4500 | ||
|---|---|---|---|
| 008 | 170224s9999 xx 000 0 und d | ||
| 100 | _aNiclas Hellman | ||
| 245 | 4 | _aThe persistence of international accounting differences as measured on transition to IFRS | |
| 245 | _cNiclas Hellman, Sidney J. Gray, Richard D. Morris & Axel Haller | ||
| 260 | _bAccounting and Business Research | ||
| 260 | _c2015 | ||
| 300 | _a45:2, pages 166-195 | ||
| 650 | _xAccountancy | ||
| 650 | _xAccounting | ||
| 999 |
_c316093 _d316093 |
||